000 00571nam a2200157 4500
999 _c16558
_d16558
008 220224b ||||| |||| 00| 0 eng d
022 _a0091-4169
082 _aDPer 364.05 J82 2010 vol. 100 no. 3
100 _aRickert, Julia T.
_944092
245 _aCentennial symposium:
_ba century of criminal justice/
_cJulia T. Rickert.
260 _aEvanston:
_bNorthwestern University Press,
_cc2010.
300 _av100 n3, pages 633-642:
_c25 cm.
500 _aThe Journal of Criminal and Criminology.
650 _aAdministration of criminal justice.
_944093
942 _2ddc
_cPER